<?xml version="1.0" encoding="UTF-8"?>
<collection xmlns="http://www.loc.gov/MARC21/slim">
 <record>
  <leader>00718cam a2200169 7i4500</leader>
  <controlfield tag="001">0000063999</controlfield>
  <controlfield tag="005">20090222090000.0</controlfield>
  <controlfield tag="008">070228s2007    gw            000 0 eng  </controlfield>
  <datafield tag="020" ind1="#" ind2="#">
   <subfield code="a">9783540255468 </subfield>
  </datafield>
  <datafield tag="090" ind1="0" ind2="0">
   <subfield code="a">HT 166 </subfield>
   <subfield code="b">.A6 2007</subfield>
  </datafield>
  <datafield tag="245" ind1="0" ind2="0">
   <subfield code="a">Applied remote sensing for urban planning, governance and sustainability  </subfield>
   <subfield code="c">Maik Netzband, William L. Stefanov, Charles Redman, editors.</subfield>
  </datafield>
  <datafield tag="260" ind1="#" ind2="#">
   <subfield code="a">Berlin: </subfield>
   <subfield code="b">Springer, </subfield>
   <subfield code="c">2007.</subfield>
  </datafield>
  <datafield tag="300" ind1="#" ind2="#">
   <subfield code="a">xxxii, 278 p.: </subfield>
   <subfield code="b">ill.(some col.), maps ;; </subfield>
   <subfield code="c">25 cm.</subfield>
  </datafield>
  <datafield tag="504" ind1="0" ind2="0">
   <subfield code="a">Includes bibliographical references and index</subfield>
  </datafield>
  <datafield tag="650" ind1="0" ind2="0">
   <subfield code="a">Sustainable development -- </subfield>
   <subfield code="x">Goverment policy -- </subfield>
   <subfield code="x">remote sensing </subfield>
  </datafield>
  <datafield tag="650" ind1="0" ind2="0">
   <subfield code="a">City planning -- </subfield>
   <subfield code="x">remote sensing </subfield>
  </datafield>
  <datafield tag="999" ind1=" " ind2=" ">
   <subfield code="a">1100062171</subfield>
   <subfield code="b">Book</subfield>
   <subfield code="c">Open Shelf</subfield>
   <subfield code="e">KOLEKSI TERBUKA</subfield>
  </datafield>
 </record>
</collection>
